书目信息 |
| 题名: |
高等数学
|
|
| 作者: | 王仲英 , 王冬琳 主编 | |
| 分册: | 理工类 | |
| 出版信息: | 北京 北京师范大学出版社 2005.09 |
|
| 页数: | 234页 | |
| 开本: | 26cm | |
| 丛书名: | 21世纪高职高专系列规划教材 | |
| 单 册: | ||
| 中图分类: | O13 | |
| 科图分类: | ||
| 主题词: | 高等数学--gao deng shu xue--高等学校--教材 | |
| 电子资源: | ||
| ISBN: | 7-303-07657-3 | |
| 000 | 01097nam 2200289 450 | |
| 001 | 012006195996 | |
| 005 | 20060302175052.93 | |
| 010 | @a7-303-07657-3@dCNY20.00 | |
| 100 | @a20060302d2005 km y0chiy0121 ea | |
| 101 | 0 | @achi |
| 102 | @aCN@b110000 | |
| 105 | @aa a 000yy | |
| 200 | 1 | @a高等数学@Agao deng shu xue@i理工类@f王仲英, 王冬琳主编@Fwang zhong ying,wang dong lin zhu bian |
| 210 | @a北京@c北京师范大学出版社@d2005.09 | |
| 215 | @a234页@c图@d26cm | |
| 225 | 2 | @a21世纪高职高专系列规划教材@A21 shi ji gao zhi gao zhuan xi lie gui hua jiao cai |
| 320 | @a有书目 (第234页)。 | |
| 330 | @a本书是21世纪高职高专系列规划教材之一,内容包含了:极限与连续、微分、积分、常微分方程等等。 | |
| 333 | @a教育部职业教育与成人教育司推荐教材; (五年制)高等职业教育电子信息类教学用书 | |
| 410 | 0 | @12001 @a21世纪高职高专系列规划教材 |
| 517 | 1 | @a理工类@Ali gong lei |
| 606 | 0 | @a高等数学@Agao deng shu xue@x高等学校@j教材 |
| 690 | @aO13@v4 | |
| 701 | 0 | @a王仲英@Awang zhong ying@4主编 |
| 701 | 0 | @a王冬琳@Awang dong lin@4主编 |
| 801 | 0 | @aCN@bQSSK@c20060302 |
| 905 | @a10447@dO13@eW478 | |
| 高等数学.理工类/王仲英, 王冬琳主编.-北京:北京师范大学出版社,2005.09 |
| 234页:图;26cm.-(21世纪高职高专系列规划教材) |
| 使用对象:教育部职业教育与成人教育司推荐教材; (五年制)高等职业教育电子信息类教学用书 |
| ISBN 7-303-07657-3:CNY20.00 |
| 本书是21世纪高职高专系列规划教材之一,内容包含了:极限与连续、微分、积分、常微分方程等等。 |
| ● |
| 相关链接 |
|
|
|
正题名:高等数学
索取号:O13/W478
 
预约/预借
| 序号 | 登录号 | 条形码 | 馆藏地/架位号 | 状态 | 备注 |
| 1 | 553162 | 205531628 | 自科库401/401自科库 107排5列4层/ [索取号:O13/W478] | 在馆 | |
| 2 | 553163 | 205531637 | 自科库401/401自科库 107排5列4层/ [索取号:O13/W478] | 在馆 | |
| 3 | 553164 | 205531646 | 自科库401/401自科库 107排5列4层/ [索取号:O13/W478] | 在馆 |